000 01951nam a220033701 4500
001 ocm24736225
003 OCoLC
008 931020s1991 enka b 000 eng r
020 _a9781851770328
035 _a(OCoLC)24736225
_z(OCoLC)1008359276
040 _aUOH
_beng
_ctbs
041 _aeng
050 _aTT507
_b.W55 1998
100 _aWilcox, Claire
_926288
_eauthor
245 1 0 _aModern fashion in detail
_c/ Claire Wilcox, Valerie Mendes ; photography by Richard Davis ; line drawings by Leonie Davis.
260 _aLondon :
_bVictoria & Albert Museum,
_c1991.
300 _a143 pages :
_billustrations (color) ;
_c31 cm.
504 _aIncludes bibliographical references (p. 142-143)
520 _aThis colorful and lively book takes a close up look at the intricacies of 20th century fashion. Full color illustrations focus on a Schiaparelli appliqué, a Chanel button-hole, a Utility pocket or the braiding on a romantic Pre-Raphaelite sleeve by Bill Gibb. Short commentaries put the detail in historical context and examine the couturiers choice of fabric and methods of construction while a specially commissioned black and white line drawing of each garment appears alongside every full color detail. This beautiful book will be indispensable to those interested in the history of 20th century design.
590 _aLocal series: Guilford library of historic costume, University of Saskatchewan.
610 0 _aVictoria and Albert Museum
_vCatalogs
_926289
650 0 _aCostume
_zGreat Britain
_xHistory
_y20th century
_926290
650 0 _aFashion
_xHistory
_y20th century
_99240
650 0 _aCostume
_xHistory
_y20th century
_926292
650 0 _aDecoration and ornament
_zGreat Britain
_xHistory
_y20th century
_926293
700 _aMendes, Valerie D.
_926294
_eauthor
700 _aDavis, Richard
_d1960-
_926296
_eauthor
700 _aDavis, Leonie
_926297
_eauthor
710 _aVictoria and Albert Museum
_926295
942 _2lcc
999 _c5096
_d5096